Normal view MARC view
  • Thurber, James,

Entry Personal Name

Number of records used in: 1

001 - CONTROL NUMBER

  • control field: 153671

003 - CONTROL NUMBER IDENTIFIER

  • control field: DLC

005 - DATE AND TIME OF LATEST TRANSACTION

  • control field: 20260415140101.0

008 - FIXED-LENGTH DATA ELEMENTS

  • fixed length control field: 800401n| azannaabn |b aaa

010 ## - LIBRARY OF CONGRESS CONTROL NUMBER

  • LC control number: n 80036584

024 7# - OTHER STANDARD IDENTIFIER

  • Standard number or code: Q124527
  • Source of number or code: wikidata

024 7# - OTHER STANDARD IDENTIFIER

  • Standard number or code: http://www.wikidata.org/entity/Q124527
  • Source of number or code: uri

024 7# - OTHER STANDARD IDENTIFIER

  • Standard number or code: 0000000108777576
  • Source of number or code: isni

035 ## - SYSTEM CONTROL NUMBER

  • System control number: (OCoLC)oca00418724

040 ## - CATALOGING SOURCE

  • Original cataloging agency: DLC
  • Language of cataloging: eng
  • Description conventions: rda
  • Transcribing agency: DLC
  • Modifying agency: DLC
  • Modifying agency: OCoLC
  • Modifying agency: DLC
  • Modifying agency: OCoLC
  • Modifying agency: ICrlF
  • Modifying agency: NNU
  • Modifying agency: INS-SF
  • Modifying agency: DLC
  • Modifying agency: FM

046 ## - SPECIAL CODED DATES

  • Birth date: 1894-12-08
  • Death date: 1961-11-02
  • Source of date scheme: edtf

053 #0 - LC CLASSIFICATION NUMBER

  • Classification number element--single number or beginning number of span: PS3539.H94

100 1# - HEADING--PERSONAL NAME

  • Personal name: Thurber, James,
  • Dates associated with a name: 1894-1961

368 ## - OTHER ATTRIBUTES OF PERSON OR CORPORATE BODY

  • Other designation: Humorists
  • Source: lcsh

370 ## - ASSOCIATED PLACE

  • Place of birth: Columbus (Ohio)
  • Place of death: New York (N.Y.)
  • Source of term: naf

373 ## - ASSOCIATED GROUP

  • Associated group: New Yorker (New York, N.Y. : 1925)
  • Source of term: naf
  • Start period: 1927
  • End period: 1950s

374 ## - OCCUPATION

  • Occupation: Cartoonists
  • Occupation: Authors
  • Occupation: Journalists
  • Occupation: Dramatists
  • Occupation: Humorists
  • Source of term: lcsh

377 ## - ASSOCIATED LANGUAGE

  • Language code: eng

378 ## - FULLER FORM OF PERSONAL NAME

  • Fuller form of personal name: James Grover

400 1# - SEE FROM TRACING--PERSONAL NAME

  • Personal name: ת׳רבר, ג׳ימס,
  • Dates associated with a name: 1894־1961

670 ## - SOURCE DATA FOUND

  • Source citation: The Thurber letters, 2003:
  • Information found: CIP t.p. (James Thurber) galley (James Grover Thurber)

670 ## - SOURCE DATA FOUND

  • Source citation: His Is sex necessary?

670 ## - SOURCE DATA FOUND

  • Source citation: Wikipedia, Apr. 29, 2016
  • Information found: (James Grover Thurber (December 8, 1894, Columbus, Ohio-November 2, 1961, New York, New York) was an American cartoonist, author, journalist, playwright, and celebrated wit; best known for his cartoons and short stories published mainly in The New Yorker magazine, such as "The Catbird Seat", and collected in his numerous books. Thurber was one of the most popular humorists of his time, as he celebrated the comic frustrations and eccentricities of ordinary people.)
  • Uniform Resource Identifier: https://en.wikipedia.org/wiki/James_Thurber

670 ## - SOURCE DATA FOUND

  • Source citation: Thurber, James. The middle-aged man on the flying trapeze, ©1935:
  • Information found: title page (by James Thurber)
Devinim Yazılım Eğitim Danışmanlık tarafından Koha'nın orjinal sürümü uyarlanarak geliştirilip kurulmuştur.